| 000 | 00837nam a2200229 a 4500 | ||
|---|---|---|---|
| 999 |
_c3674 _d3674 |
||
| 001 | 3674 | ||
| 003 | BD-JhCC | ||
| 005 | 20171116084824.0 | ||
| 008 | 171116s2009 bg |||| |||| 001 0 ben d | ||
| 035 | _a(BD-JhCC) 3674 | ||
| 040 |
_aBD-JhCC _dBD-JhCC |
||
| 041 | _aeng | ||
| 082 |
_a780.88294 _bISL 2009 |
||
| 100 | _aইসলাম, কাজী আনোয়ারুল | ||
| 245 |
_aমরমী কবি মঈনউদ্দিন : জীবন ও কাব্য / _cকাজী আনোয়ারুল ইসলাম |
||
| 260 |
_aঝিনাইদহ : _bসৃজনী প্রিন্টার্স এন্ড পাবলিকেশন, _c২০০৯. |
||
| 300 |
_a৪১৮ পৃ. : _c২২ সেমি. |
||
| 650 | _aMystic poet | ||
| 650 | _aMoyin uddin | ||
| 942 |
_2ddc _cBK |
||